000 00613nam a2200181Ia 4500
008 100920s9999 xx 000 0 und d
082 _b86951
_a24 न 03
100 _aधान अनुजकुमार.
245 _aबिरसा मुण्डा.
260 _bसूचना और प्रसारण मन्त्रालय, भारत सरकार.
_c2003
300 _a95
_bसाधी
365 _b60
520 _aसायो.
630 _aबिरसा मुण्डा.
650 _aसायो.
730 _aबिरसा मुण्डा.
942 _cBOOK
999 _c727461
_d727458